[Event "Paleros op"]
[Site "Paleros"]
[Date "2012.06.20"]
[Round "6"]
[White "Dorfanis, Ilarion"]
[Black "Pappas, Andreas"]
[Result "1-0"]
[WhiteElo "2225"]
[BlackElo "2044"]
[PlyCount "69"]
[EventDate "2012.06.16"]
[EventType "swiss"]
[EventRounds "9"]
[EventCountry "GRE"]
[SourceTitle "CBM 149 Extra"]
[Source "ChessBase"]
[SourceDate "2012.08.24"]
[SourceVersion "1"]
[SourceVersionDate "2012.08.24"]
[SourceQuality "1"]

1. e4 d5 2. exd5 Qxd5 3. Nc3 Qd6 4. d4 Nf6 5. Nf3 a6 6. g3 Nc6 7. Bg2 Bg4 8. 0-0 e6 9. Bf4 Qd7 10. h3 Bf5 11. g4 Bg6 12. Ne5 Nxe5 13. dxe5 Nd5 14. Nxd5 exd5 15. Qxd5 Qxd5 16. Bxd5 c6 17. Bb3 h5 18. e6 f6 19. Rfe1 Bc5 20. Kg2 hxg4 21. hxg4 Rd8 22. Rad1 Ke7 23. Bc7 Rd4 24. Rxd4 Bxd4 25. Rd1 Rc8 26. Bd6+ Kxd6 27. Rxd4+ Ke5 28. Rd7 Be8 29. Rxg7 c5 30. c3 c4 31. Bc2 Kf4 32. Kf1 Rd8 33. Rg8 Rd2 34. Rxe8 Rxc2 35. Rf8 1-0

[Event "Paleros op"]
[Site "Paleros"]
[Date "2012.06.17"]
[Round "3"]
[White "Dragomirescu, Angela"]
[Black "Pappas, Andreas"]
[Result "0-1"]
[WhiteElo "2270"]
[BlackElo "2044"]
[PlyCount "122"]
[EventDate "2012.06.16"]
[EventType "swiss"]
[EventRounds "9"]
[EventCountry "GRE"]
[SourceTitle "CBM 149 Extra"]
[Source "ChessBase"]
[SourceDate "2012.08.24"]
[SourceVersion "1"]
[SourceVersionDate "2012.08.24"]
[SourceQuality "1"]

1. d4 Nf6 2. c4 c5 3. d5 b5 4. cxb5 a6 5. b6 d6 6. Nc3 Qxb6 7. e4 g6 8. Nf3 Nbd7 9. Be2 Bg7 10. 0-0 0-0 11. Qc2 Qb4 12. a3 Qb7 13. Nd2 Ne8 14. a4 Nb6 15. a5 Nd7 16. Nc4 Nc7 17. Na3 Rb8 18. Rd1 f5 19. exf5 gxf5 20. f4 Nf6 21. Bf3 Qb3 22. h3 Qxc2 23. Nxc2 Nb5 24. Na4 Bb7 25. Nb6 Rbd8 26. Rb1 Nd7 27. Nc4 Rb8 28. Be3 Nf6 29. Nb6 Rfd8 30. g4 fxg4 31. hxg4 e6 32. g5 Nxd5 33. Nxd5 Bxd5 34. Bxd5 exd5 35. f5 Be5 36. Kg2 d4 37. Bf2 Bf4 38. Bh4 Re8 39. Kf3 Be5 40. Ne1 c4 41. Rbc1 d5 42. Kg4 Nd6 43. Nf3 d3 44. Nxe5 Rxe5 45. Bg3 Re4+ 46. Kf3 Rd8 47. Bxd6 Rxd6 48. b3 Rh4 49. Kg3 Rd4 50. Rd2 Rc6 51. Kf3 c3 52. Rdd1 d2 53. Rc2 Rh4 54. Ke3 d4+ 55. Kd3 Rc5 56. g6 hxg6 57. fxg6 Re5 58. Ra2 Re1 59. Raa1 Rhh1 60. Kc2 Rxd1 61. Rxd1 d3+ 0-1

[Event "GRE-chT 34th"]
[Site "Ermioni Argolidas"]
[Date "2005.07.11"]
[Round "9"]
[White "Pappas, Andreas"]
[Black "Kapnisis, Spyridon"]
[Result "0-1"]
[WhiteElo "2094"]
[BlackElo "2420"]
[PlyCount "72"]
[EventDate "2005.07.04"]
[EventType "team"]
[EventRounds "9"]
[EventCountry "GRE"]
[SourceTitle "CBM 107 Extra"]
[Source "ChessBase"]
[SourceDate "2005.09.01"]
[SourceVersion "1"]
[SourceVersionDate "2005.09.01"]
[SourceQuality "1"]

1. d4 d5 2. c4 e6 3. Nc3 c5 4. cxd5 cxd4 5. Qa4+ Bd7 6. Qxd4 exd5 7. Nf3 Nc6 8. Qxd5 Nf6 9. Qd1 Bc5 10. e3 Qe7 11. Be2 0-0-0 12. 0-0 g5 13. a3 g4 14. Nd4 Qe5 15. Ncb5 a6 16. b4 Bb6 17. a4 axb5 18. axb5 Nxd4 19. Ra8+ Kc7 20. exd4 Bxd4 21. b6+ Kxb6 22. Ra5 Nd5 23. Bc4 Bc6 24. Qb3 Rd6 25. Qa3 Kc7 26. b5 Bd7 27. Bd2 Nb6 28. Bd3 Rc8 29. g3 Rf6 30. Ra7 Bc5 31. Qc1 Kb8 32. Bf4 Bxf2+ 33. Kg2 Rxf4 34. Qxf4 Qxf4 35. gxf4 Kxa7 36. Rxf2 f5 0-1